[Event "Chalkida Tessas op-ch"]
[Site "Chalkida"]
[Date "2008.07.06"]
[Round "5"]
[White "Kontogiannis, Vasilios"]
[Black "Hatzigiannis, Spiridon"]
[Result "0-1"]
[WhiteElo "1000"]
[BlackElo "1710"]
[PlyCount "110"]
[EventDate "2008.06.21"]
[EventType "swiss"]
[EventRounds "6"]
[EventCountry "GRE"]
[SourceTitle "EXT 2010"]
[Source "ChessBase"]
[SourceDate "2010.11.25"]
[SourceVersion "1"]
[SourceVersionDate "2010.11.25"]
[SourceQuality "1"]

1. d4 Nf6 2. c4 e6 3. Nf3 b6 4. Bg5 Bb7 5. e3 Be7 6. Bd3 d5 7. 0-0 Nbd7 8. Nc3 c5 9. cxd5 Nxd5 10. Bxe7 Nxe7 11. Be4 Nd5 12. Bxd5 exd5 13. Qb3 c4 14. Qa3 Qe7 15. Qxe7+ Kxe7 16. a4 a6 17. Rfe1 f5 18. Rad1 Bc6 19. Ne5 Nxe5 20. dxe5 Ke6 21. f4 b5 22. axb5 axb5 23. Ne2 Ra2 24. Nd4+ Kd7 25. Rb1 g6 26. Rec1 Rha8 27. b3 Rd2 28. Rd1 Raa2 29. Rxd2 Rxd2 30. e6+ Kd6 31. bxc4 dxc4 32. Nxc6 Kxc6 33. Rxb5 Rd8 34. Ra5 Re8 35. Kf2 Rxe6 36. Ke2 Rd6 37. h3 Kb6 38. Ra8 Kc5 39. Rc8+ Kb4 40. g4 c3 41. Rb8+ Kc4 42. gxf5 gxf5 43. Rc8+ Kb3 44. Rb8+ Ka2 45. Ra8+ Kb1 46. Rb8+ Kc1 47. Rb5 Rf6 48. Kd3 c2 49. Rc5 Kd1 50. e4 c1Q 51. Rxc1+ Kxc1 52. e5 Ra6 53. Kd4 Kd2 54. Kd5 Ke3 55. e6 Kxf4 0-1

[Event "Chalkida Tessas op-ch"]
[Site "Chalkida"]
[Date "2008.07.05"]
[Round "4"]
[White "Almalis, Nikolaos"]
[Black "Kontogiannis, Vasilios"]
[Result "0-1"]
[WhiteElo "1000"]
[BlackElo "1000"]
[PlyCount "88"]
[EventDate "2008.06.21"]
[EventType "swiss"]
[EventRounds "6"]
[EventCountry "GRE"]
[SourceTitle "EXT 2010"]
[Source "ChessBase"]
[SourceDate "2010.11.25"]
[SourceVersion "1"]
[SourceVersionDate "2010.11.25"]
[SourceQuality "1"]

1. e3 e6 2. Ne2 d5 3. d3 c5 4. Nd2 Nf6 5. b3 Nc6 6. Bb2 Be7 7. Rb1 b5 8. g3 a5 9. Bg2 0-0 10. c4 Nb4 11. Nc1 bxc4 12. bxc4 Rb8 13. Bxf6 Bxf6 14. a3 Nc6 15. Rxb8 Nxb8 16. Qa4 Bd7 17. Qd1 Bc6 18. 0-0 Qb6 19. Qh5 Rd8 20. Ne2 Qb2 21. Nb1 Qb3 22. Nf4 g6 23. Qh6 dxc4 24. Nd2 Qxa3 25. Nxc4 Qc3 26. Bh3 Bd5 27. e4 Bxc4 28. dxc4 Qxc4 29. Nh5 Bd4 30. Qg5 Nc6 31. e5 Bxe5 32. Bg2 Rd5 33. Bxd5 Qxd5 34. Rb1 Nd4 35. Nf6+ Bxf6 36. Qxf6 Nf3+ 37. Kg2 Nd2+ 38. Kh3 Nxb1 39. Qf4 Qf5+ 40. Kg2 Qxf4 41. gxf4 a4 42. h4 a3 43. Kg3 a2 44. Kg4 a1Q 0-1

[Event "Chalkida Tessas op-ch"]
[Site "Chalkida"]
[Date "2008.06.22"]
[Round "3"]
[White "Kontogiannis, Vasilios"]
[Black "Hanioglou, Kleanthis"]
[Result "1-0"]
[WhiteElo "1000"]
[BlackElo "1000"]
[PlyCount "45"]
[EventDate "2008.06.21"]
[EventType "swiss"]
[EventRounds "6"]
[EventCountry "GRE"]
[SourceTitle "EXT 2010"]
[Source "ChessBase"]
[SourceDate "2010.11.25"]
[SourceVersion "1"]
[SourceVersionDate "2010.11.25"]
[SourceQuality "1"]

1. d4 d6 2. c4 Nf6 3. Nc3 Bd7 4. Nf3 Nc6 5. Bf4 g6 6. d5 Nb8 7. e4 c5 8. h3 Bg7 9. Be2 0-0 10. 0-0 Nh5 11. Bh2 e5 12. dxe6 Bxe6 13. Bxd6 Re8 14. Bxc5 Qxd1 15. Rfxd1 Nf4 16. Bf1 Na6 17. Bd6 Nh5 18. e5 Rac8 19. Nd5 Bxd5 20. cxd5 Nf4 21. g3 Nh5 22. Bb5 Red8 23. Be7 1-0